000
00186 a2200097 4500
020
_a
9780743454537
041
_a
eng
100
_a
Picoult, Jodi
245
_a
My sisters keeper
942
_c
BK
999
_c
8880
_d
8880